| 000 | 00380nam a2200157Ia 4500 | ||
|---|---|---|---|
| 008 | 210210b1977 xxu||||| |||| 00| 0 eng d | ||
| 082 | _a574.87 SWAC | ||
| 100 | _aSWANSON (Carl P) and WEBSTER (Peter L). | ||
| 245 | _aCell. Ed.4. | ||
| 250 | _a | ||
| 260 |
_aLondon _bPrentice Hall _c1977 |
||
| 300 | _axvi,304 | ||
| 650 | _aCell | ||
| 690 | _aCell Biology | ||
| 906 | _aSG01287 | ||
| 999 |
_c112839 _d112839 |
||